<?xml version="1.0" encoding="UTF-8"?>
<record
    xmlns:xsi="http://www.w3.org/2001/XMLSchema-instance"
    xsi:schemaLocation="http://www.loc.gov/MARC21/slim http://www.loc.gov/standards/marcxml/schema/MARC21slim.xsd"
    xmlns="http://www.loc.gov/MARC21/slim">

  <leader>00699nam a2200193 i 4500</leader>
  <controlfield tag="001">xx001126739</controlfield>
  <controlfield tag="003">NUKAT</controlfield>
  <controlfield tag="005">20260427214007.0</controlfield>
  <controlfield tag="008">080526s1936    pl      r    |000 0 pol c</controlfield>
  <datafield tag="035" ind1=" " ind2=" ">
    <subfield code="a">(OCoLC)749909170</subfield>
  </datafield>
  <datafield tag="035" ind1=" " ind2=" ">
    <subfield code="a">(NUKAT)xx001126739</subfield>
  </datafield>
  <datafield tag="040" ind1=" " ind2=" ">
    <subfield code="a">WA U/76BM</subfield>
    <subfield code="c">WA U/BM</subfield>
    <subfield code="d">WA U/76DP</subfield>
  </datafield>
  <datafield tag="100" ind1="1" ind2=" ">
    <subfield code="a">G&#xF3;rzy&#x144;ski, Stefan</subfield>
    <subfield code="d">(1898-1961).</subfield>
    <subfield code="9">40703</subfield>
  </datafield>
  <datafield tag="245" ind1="1" ind2="0">
    <subfield code="a">Obraz gospodarki rolnej w Polsce w XV i XVI wieku :</subfield>
    <subfield code="b">(na tle stosunk&#xF3;w handlowych) /</subfield>
    <subfield code="c">Stefan G&#xF3;rzy&#x144;ski.</subfield>
  </datafield>
  <datafield tag="260" ind1=" " ind2=" ">
    <subfield code="a">Warszawa :</subfield>
    <subfield code="b">nak&#x142;. Wydawnictwa "&#x15A;wiat Wsp&#xF3;&#x142;czesny",</subfield>
    <subfield code="c">1936</subfield>
    <subfield code="e">(Piotrk&#xF3;w :</subfield>
    <subfield code="f">Drukarnia Polska J&#xF3;zefa Waleckiego).</subfield>
  </datafield>
  <datafield tag="300" ind1=" " ind2=" ">
    <subfield code="a">26 s. ;</subfield>
    <subfield code="c">22 cm.</subfield>
  </datafield>
  <datafield tag="510" ind1="3" ind2=" ">
    <subfield code="a">BP 1901-1939 online.</subfield>
  </datafield>
  <datafield tag="942" ind1=" " ind2=" ">
    <subfield code="2">ddc</subfield>
    <subfield code="c">BK_NM</subfield>
  </datafield>
  <datafield tag="999" ind1=" " ind2=" ">
    <subfield code="c">27811</subfield>
    <subfield code="d">27811</subfield>
  </datafield>
  <datafield tag="952" ind1=" " ind2=" ">
    <subfield code="0">0</subfield>
    <subfield code="1">0</subfield>
    <subfield code="2">ddc</subfield>
    <subfield code="4">0</subfield>
    <subfield code="7">0</subfield>
    <subfield code="8">PBKH</subfield>
    <subfield code="a">BIP</subfield>
    <subfield code="b">PBKH</subfield>
    <subfield code="d">2026-04-27</subfield>
    <subfield code="e">K-25/1966</subfield>
    <subfield code="f">K</subfield>
    <subfield code="i">16657</subfield>
    <subfield code="l">0</subfield>
    <subfield code="o">16657</subfield>
    <subfield code="p">IPWK22198</subfield>
    <subfield code="r">2026-04-27 21:41:02</subfield>
    <subfield code="w">2026-04-27</subfield>
    <subfield code="y">BK_NM</subfield>
  </datafield>
</record>
